000 00319nam a2200133Ia 4500
008 191201s2005 xx 000 0 und d
100 _aLEWIS, Norman
245 0 _aWord Power Made Easy
250 _a2nd
260 _aN.Delhi
_bGoyal Saab Publisher
_c2005
300 _a686
650 _aGeneral Books
942 _2ddc
_cBK
999 _c1515
_d1515